| 000 | 00729nam a22001937a 4500 | ||
|---|---|---|---|
| 003 | BUBTL | ||
| 008 | 191016b xxu||||| |||| 00| 0 eng d | ||
| 020 | _a978-984-33-6103--5 | ||
| 082 | _a346 / HAA | ||
| 100 |
_92424 _aহাওলাদার, মোঃআব্দুর রহমান |
||
| 245 |
_aঅর্থ ঋণ আদালত আইনের বিশ্লেষণ / _cমোঃআব্দুর রহমান হাওলাদার |
||
| 250 | _a2nd ed. | ||
| 260 |
_aঢাকা : _bহাওলাদার প্রকাশনী, _cc2018. |
||
| 300 |
_a416 p. : _c22 cm. |
||
| 650 | 0 |
_926 _aLaw |
|
| 856 |
_k0 _l0 _yDownload |
||
| 942 |
_2ddc _cBK |
||
| 999 |
_c6128 _d6128 |
||